IACS errors (Record no. 11822)

MARC details
000 -LEADER
fixed length control field 00631cab a2200217 4500
001 - CONTROL NUMBER
control field WB2933-26
008 - FIXED-LENGTH DATA ELEMENTS--GENERAL INFORMATION
fixed length control field 090401t1993 xxu||||| |||| 00| 0 eng d
035 ## - SYSTEM CONTROL NUMBER
System control number (Sirsi) u17822
041 ## - LANGUAGE CODE
Language code of text/sound track or separate title eng
245 ## - TITLE STATEMENT
Title IACS errors
260 ## - PUBLICATION, DISTRIBUTION, ETC.
Date of publication, distribution, etc. 1993
350 ## - PRICE (NR) (BK AM CF MU VM SE) [OBSOLETE]
Price 0
490 ## - SERIES STATEMENT
Series statement MAFF News Release
Volume/sequential designation (292/93) 2 September 1993 (2)
520 ## - SUMMARY, ETC.
Summary, etc. The Government has announced that farmers can correct errors on IACS forms without penalty if errors were genuine.
650 ## - SUBJECT ADDED ENTRY--TOPICAL TERM
Topical term or geographic name entry element CORRECTION
650 ## - SUBJECT ADDED ENTRY--TOPICAL TERM
Topical term or geographic name entry element ERRORS
650 ## - SUBJECT ADDED ENTRY--TOPICAL TERM
Topical term or geographic name entry element INTEGRATED ADMINISTRATION AND CONTROL SYSTEM
690 ## - LOCAL SUBJECT ADDED ENTRY--TOPICAL TERM (OCLC, RLIN)
Topical term or geographic name as entry element RURAL PRACTICE
942 ## - ADDED ENTRY ELEMENTS (KOHA)
Suppress in OPAC 0
948 ## - LOCAL PROCESSING INFORMATION (OCLC); SERIES PART DESIGNATOR (RLIN)
c (OCLC) 04/03/1997
Holdings
Withdrawn status Lost status Source of classification or shelving scheme Damaged status Not for loan Home library Current library Shelving location Date acquired Total Checkouts Full call number Barcode Date last seen Copy number Price effective from Koha item type
    Dewey Decimal Classification     London London News article 14/09/1999   WB2933-26 17822-1001 06/08/2019 1 06/08/2019 News article